01159nam a2200289 i 4500001000700000003000700007005001700014008004100031080001400072080001000086100003100096245010100127260004700228300002000275490004300295500001500338505006900353546003200422595002400454650004900478650003700527700002500564830005100589852008400640999001900724952012600743186570SpMaBN20250804044440.0161128m19581972xxk |||| |deng d a929(38):1 a1(38)1 aDiógenes Laercio.94484810aLives of eminent philosophers / cDiogenes Laertius ; with an english translation by R.D. Hicks. aLondon : bWilliam Heinemann, c1958-1972. a2 v. ; c17 cm.1 aThe loeb classical library ; v184-185 aÍndices.8 av. 1: Books I-V (XXXVII, 549 p.) - v. 2: Books VI-X (VI, 704 p.) aTexto en inglés y griego. av. 2 publ. en 1958. aFilosófos-zGrecia-xBiografías.9137590 7aFilosofía griega2embne9128491 aHicks, R. D.91375910 aThe loeb classical library ; v184-1859189091 aES-MaACLjL-30926-27 z- enc. cart. z. - Biblioteca Jacinto Martínez Lacalle c186570d186570 00104070aATENEOMbATENEOMcDEPO2d2016-11-28eDONl0oL-30926-27p1196740r2023-02-23 00:00:00w2023-02-23yMONOGRAFIA